| 000 | 00859nam a22002777a 4500 | ||
|---|---|---|---|
| 001 | BR9600933 | ||
| 003 | BR-BrBNA | ||
| 005 | 20230928095211.0 | ||
| 007 | ta | ||
| 008 | 230509b bl.||||| |||| 00| 0 por d | ||
| 040 |
_aBR-BrBNA _bpor _cBiblioteca Nacional de Agricultura |
||
| 041 | _a(Por) | ||
| 072 |
_aL01; C20 _b6100 |
||
| 090 | _ 6100 BR9600933 | ||
| 110 | 1 | _aAssociacao de Credito e Assistencia Rural de Santa Catarina, Florianopolis (Brasil) | |
| 110 | 1 |
_aEmpresa de Assistencia tecnica e Extensao Rural do Estado de Santa Catarina, Florianopolis (Brasil) _94031 |
|
| 245 | 1 | _aCurso sobre criacao caseira de galinhas | |
| 260 | 3 |
_aFlorianopolis, SC (Brasil): _c[nd]. |
|
| 300 | _a36 p. | ||
| 650 | _aGalinha | ||
| 650 | _aCurso | ||
| 650 | _aCriacao | ||
| 650 | _aExtensao Rural | ||
| 909 |
_a202309 _bLucia _c55 _dLucia Elande |
||
| 942 | _cBK | ||
| 999 |
_c55143 _d55143 |
||